| 000 | 00527nam a2200181Ia 4500 | ||
|---|---|---|---|
| 008 | 100917s9999 xx 000 0 und d | ||
| 082 | _b13065 | ||
| 100 | _aटोळ दत्ता श्री. | ||
| 245 | _aछोटा लाल | ||
| 260 |
_bचिरंजीव ग्रंथ प्रकाशन _c1968 |
||
| 300 | _a36 | ||
| 365 | _b1 | ||
| 520 | _aबालविभाग | ||
| 630 | _aछोटा लाल | ||
| 650 | _aबालविभाग | ||
| 730 | _aछोटा लाल | ||
| 942 | _cBOOK | ||
| 999 |
_c618459 _d618456 |
||